000 01612nas a2200289 454500
001 23982
005 20260407193506.0
008 260407s2007####ag###########|||spa#d
003 AR-UNSa-BCEJYS
040 _aAR-UNSa-BCEJYS
_bspa
_cAR-UNSa-BCEJYS
080 _a338
_xSituación económica. Política económica. Gestión de la economía. Planificación de la economía. Producción. Servicios. Precios
245 1 0 _aRevista de Economía Política de Buenos Aires
022 _a1850-6933
264 1 _aBuenos Aires :
_bUniversidad de Buenos Aires. Facultad de Ciencias Económicas
_c2007
310 _aFrecuencia: Semestral Cambia de Director a partir del Año 1, Nº 2 por Andrés López Cambia de Director a partir del Año 4, Nº 7/8 por Facundo Albornoz Crespo
520 _aLa Revista de Economía Política de Buenos Aires es una publicación académica de la Facultad de Ciencias Económicas de la Universidad de Buenos Aires. Está abierta a contribuciones en todos los campos de la economía y los criterios de acpetación se basan tanto en el pluralismo ideológico y teórico como en el máximo rigor académico.
942 _cSER
590 _aniveau_biblio:s niveau_hierar:1
100 1 _aBeccaria, Luis A.
700 1 _aUniversidad de Buenos Aires. Facultad de Ciencias Económicas
650 _aMovimiento de capitales
650 _aPolítica monetaria
650 _aPolítica económica
650 _aMacroeconomía
650 _aECONOMIA
856 4 1 _uhttps://biblioeco.unsa.edu.ar/pmb/images/revistas/Revista de Econom?a Pol?tica de Buenos Aires.jpg
_yImagen de portada
_qimage/jpeg
999 _c8570
_d8570